000 00643nam a2200193 a 4500
001 000036879
005 20200930080008.0
008 120203s1997 mx 000 0 spa d
020 _a013233867-X
040 _aDO-SdBNP
_bspa
_cBNPHU
082 _axxxx
_bF943m, 1997
100 1 _aFroyen, Richard T.
_963249
240 1 0 _aMacroeconomics, theories & policies
245 1 0 _aMacroeconomía, teorías y políticas. /
_cRichard T. Froyen; traducción María de los Ángeles Pérez Cue.
250 _a5a ed.
260 _aMéxico :
_bPrentice-Hall Hispanoamericana,
_c1997.
300 _a570 p. :
_bil. ;
_c24 cm.
500 _aTraducido del inglés
999 _c36370
_d36370